Normal view
MARC view
- Zachary Fisk, Lev Gorkov, Robert Schrieffer
Entry Personal Name
001 - CONTROL NUMBER
- control field: 20583
003 - CONTROL NUMBER IDENTIFIER
- control field: NUST
005 - DATE AND TIME OF LATEST TRANSACTION
- control field: 20190913055356.0
008 - FIXED-LENGTH DATA ELEMENTS
- fixed length control field: 190913|| aca||aabn | a|a d
040 ## - CATALOGING SOURCE
- Original cataloging agency: NUST
- Transcribing agency: NUST
100 ## - HEADING--PERSONAL NAME
- Personal name: Zachary Fisk, Lev Gorkov, Robert Schrieffer
670 ## - SOURCE DATA FOUND
- Source citation: Work cat.: (NUST): Zachary Fisk, Lev Gorkov, Robert Schrieffer , Proceedings of the Physical Phenomena at High Magnetic Fields-III, 1999
